000 00605cam a2200205 i 4500
001 19154782
005 20250224033151.0
008 160628s2015 ce a 000 0 tamo
020 _a9789555390224
040 _aDLC
_beng
_erda
_cDLC
_dDLC
082 _26935
_a954.931
_bAKI
100 1 _aAkilan, P
245 1 0 _aKālattin̲ Viḷimpu :
_bYāl̲ppāṇattin̲ Marapurimaikaḷum Avatr̲r̲aip Pāthukāttalum (patti el̲uttukkaḷ)
250 _aMutar̲patippu.
260 _aJaffna
_bPearu Publication
_c2015
300 _ax, 109 p.,
650 _aInheritance
650 _aSocio-politics
942 _cL
999 _c5985
_d5985